000 00484nam a2200181 a 4500
001 1770118679682
003 YourLibrary
005 20260203171020.0
008 260203s2010##################000#0#eng##
020 _a9780230212114
082 0 4 _a302.35
_bLEW
100 1 _aLewis, P.,
_eauthor.
245 1 0 _aRevealing and Concealing Gender :
260 _bPalgrave Macmillan,
_c2010.
650 0 _aBusiness & Economics.
942 _cENGLISH
040 _aYourLibrary
_beng
_cYourLibrary
999 _c610114
_d610114